000 00691nam a2200289Ia 4500
005 20260324150357.0
008 008 260324s9999 xx 000 0 eng d
020 _a9780203041468
037 _aEBOOK
040 _aCRL
040 _beng
040 _cCRL
041 _2eng
041 _aeng
084 _qCRL
100 _aAmy Jacques Garvey
_91224372
245 4 _aThe Philosophy and Opinions of Marcus Garvey
245 0 _bAfrica for the Africans
260 _bTaylor and Francis
260 _c1968
365 _a
365 _b230
856 _uhttp://www.taylorfrancis.com/books/9780203041468
942 _cEBOOK
999 _c1835555
_d1835555